| 000 | 00398nam a2200145Ia 4500 | ||
|---|---|---|---|
| 008 | 230312s9999||||xx |||||||||||||| ||und|| | ||
| 020 | _a0-415-00963-4 | ||
| 082 |
_a791.4372 _bEVA-E |
||
| 100 | _aEvans;James Roose | ||
| 245 | 0 | _aExperimental Theatre From Stanislavsky to Peter Brook | |
| 260 |
_bRoutledge _aLondon _c1984 |
||
| 300 | _a225 | ||
| 650 |
_aMass com _vMass Communication |
||
| 942 | _cBK | ||
| 999 |
_c11442 _d11442 |
||